000
00307nam a22001337a 4500
082
_a
540
_b
YAD/T
100
_a
YADAV, M S
245
_a
31 YEARS CHAPTERWISE SOLUTIONS
250
_a
REVISED EDITION
260
_a
DELHI
_b
MTG BOOKS
_c
2009
300
_a
308
650
_a
CHEMISTRY REFERENCE
_z
INDIA
942
_c
BK
999
_c
1510
_d
1510